Bank profitability 1999 financial statements of banks

Enregistré dans:
Détails bibliographiques
Format: Livre
Langue:anglais
français
Publié: Paris OECD 1999
Sujets:
Tags: Ajouter un tag
Pas de tags, Soyez le premier à ajouter un tag!

MARC

LEADER 00000nam a2200000 4500
001 c119896
005 20251216124007.0
020 |a 92-64-05857-5 
041 0 |a eng 
041 0 |a fre 
044 |a FR 
245 1 0 |a Bank profitability 1999  |b financial statements of banks 
264 1 |a Paris  |b OECD  |c 1999 
300 |a 346 s. 
610 2 0 |a banky 
610 2 0 |a rentabilita 
610 2 0 |a zisk obchodný 
610 2 0 |a zisk kapitálový 
610 2 0 |a bankovníctvo